Quizzes
Events
Quiz Creation
Community
Videos
Private Events
Remove Ads
Sign In
Join for FREE
Feedback
Dark Mode
Quiz Categories
Sports
Geography
Music
Movies
Television
Just For Fun
Miscellaneous
History
Literature
Language
Science
Gaming
Entertainment
Religion
Holiday
For Kids
Quiz Lab
Recent
Popular Today
Quiz Kudos Today
Editor Picks
Curator Picks
Quizzes by...
Day
Popularity
Type
Ratings
Length
Year
Community
Subscriptions
Recent Discussions
Orange Saloon
Badges
Playlists
Quests
Create
Leaderboards
Showdown
Live 5
Trivia Bingo
Activity
Puzzle Library
Sporcle Events
Private Events
Virtual Trivia
Globe League
Become a Host
Pub Owners
SporcleCon
Opinionation
Our Games
Videos
Blog
Mobile Apps
Partnerships
Remove Ads and Go Orange
Feedback
Miscellaneous
Crossword
General Knowledge
Baby Names
Logo
Food
Cars
Numbers
Grab Bag
University
College
Popular
Company
Slogans
Restaurants
Justice
Letter
Miscellaneous
Crossword
General Knowledge
Baby Names
Logo
Food
Cars
Numbers
Grab Bag
University
College
Popular
Company
Slogans
Restaurants
Justice
Letter
Random Quiz
Search Sporcle
×
Quiz Lab
Quiz Lab
Miscellaneous
men
Type in answers that appear in a list
Type in answers that appear in a list
Classic
Best Score? Go Orange.
Manly men Stats
Can you name the Manly men?
By
twentyoneoone
7m
25 Questions
227 Plays
227 Plays
227 Plays
Comments
Comments
Give Quiz Kudos
Give Quiz Kudos
-
- Ratings
hide this ad
Replay
Link that replays current quiz
Next Quiz
Link to next quiz in quiz playlist
You Got
0%
They Got
Avg Score
46%
Avg Friend Score
Upgrade to see
Score Distribution
Jump to the score distribution portion of the page
Score
0/25
Timer
07:00
0
Plays Today
Man/men
% Correct
Largest borough in New York
manhattan
85.9%
Sea cow
Manatee
82.4%
Kryptonite
superman
81.9%
Abe Lincoln did this to slaves
emancipate
74%
Portal to the sewer
manhole
74%
In charge of getting the stripper
bestman
68.3%
Two eyes made of coal
snowman
68.3%
Wayne Enterprises
batman
67.4%
So easy a _
_
_
_
_
_
_
_
_
_
can do it
caveman
67%
Most spoken language in the world
mandarin
65.6%
Tropical fruit
mango
63.9%
Lives on drury lane
Muffin man
52%
hiding under the bed
boogyman
41.4%
Man/men
% Correct
definitely definitely 246 toothpicks
rainman
36.1%
Micky
mantle
33%
In charge of sleeping
sandman
31.7%
46 chromosomes
human
31.3%
Skyrockets in flight, afternoon delight
Anchorman
26%
Cheers, Cliff
mail man
22.9%
Night time hide-
n-
go-
seek
manhunt
21.1%
Send in the A-
bomb
Harry S. Truman
19.4%
Child game, results in death
hangman
18.1%
Could not be caught
gingerbread man
15.4%
Birth place of pretzel
Germany
13.2%
Don't be a sore loser
sportsmanship
5.3%
Quiz Playlist
Details
Report
Send in Message
Add To Playlist
Classic:
Type in answers that appear in a list
Last Updated: Feb 16, 2017
Quiz Scoreboard
CHALLENGE
Sign Up to Join the Scoreboard
Show All
Scores
Hide
Comments
May contain spoilers
Recently Published
Billboard Blitz: Fleetwood Mac
by CooCooCachoo
Music
15s
Presidents Visiting Landmarks
by Hejman
History
7m
An Introduction to Baseball
by treessimontrees
Sports
5m
More to Explore
Quiz From the Vault
Featured Blog Post
Where Did the Easter Bunny Come From?
hide this ad
You Might Also Like...
Tags
Man
Manly
men
Today's Top Quizzes in Miscellaneous
Browse Miscellaneous
hide this ad
Today's Top Quizzes in men
Browse men
Top Contributed Quizzes in Miscellaneous
1
5-to-1: Fast Food
2
The JOE quick-fire general knowledge quiz: Day 174
3
The JOE quick-fire general knowledge quiz: Day 173
4
5-to-1: Cocktails
5
The JOE quick-fire general knowledge quiz: Day 172
6
Sunday Crossword: Famous Bodies of Water
7
One Thing in Common: United Kingdom II
8
The JOE quick-fire general knowledge quiz: Day 171
9
Named After an Animal - Odd One Out!
10
The JOE quick-fire quiz: Day 170
Explore More
Trending Topics
Harry Potter
Anime
NBA
Crossword
Kpop
Disney
Marvel
Puzzle
WWE
Pokémon
NFL
Country
Song
Soccer
The Office
hide this ad
More By:
twentyoneoone
Quiz
Plays
Rating
Category
Featured
Created
The S game
1,045
1.73
Miscellaneous
Oct 23, 2009
Manly men
227
2.00
Miscellaneous
Nov 13, 2009
Black and White
176
1.33
Miscellaneous
Oct 31, 2009
Its Raining!! Watch out Noah
138
2.00
Miscellaneous
Oct 24, 2009
Go to Creator's Profile
Score Distribution
Quiz Creator Spotlight
twentyoneoone
Follow
Send a Message
Quizzes Created
-
Created Quiz Play Count
-
More By This Creator
Popular Quizzes Today
1
Find the US States - No Outlines Minefield
2
Find the Countries of Europe - No Outlines Minefield
3
The Countries of the World
4
Find the US States
5
US States
6
Risky Map Clicking: Biggest States A-Z
7
Popular People in 1961
8
Movies - When Are They Set?
More Miscellaneous Quizzes
Ends in 'IO'
Published
Trending Quizzes
Risky Map Clicking: Least Populous States A-Z
1-10 Letter G Words
1-10 Letter F Words
Risky Map Clicking: Next State Alphabetically
Risky Map Clicking: Biggest States A-Z
Recently Updated
Leaping Animals
pecheneg
Reality TV Shows (A-Z)
bhenderson79
Rickey Henderson's Hall of Fame Teammates
pecheneg
Champions League XIs: Arsenal
pecheneg
Quick Pick: Celebrities in WWE's Hall of Fame
aduchscher
A-Z Keypad Blitz II
pecheneg
Multiple Oscar Actors
pecheneg
Mystery Phrase Blitz: Oscar 'Best Actors'
pecheneg
F. Scott Fitzgerald Novels
LTH
Pick 3 Villains
ddd62291
Trending Topics
Marvel
Kpop
Anime
Disney
NBA
Crossword
Harry Potter
Puzzle
Song
Pokémon
The Office
Soccer
NFL
Country
WWE
Your Account Isn't Verified!
In order to create a playlist on Sporcle, you need to verify the email address you used during registration. Go to your
Sporcle Settings
to finish the process.
Report this User
Report this user for behavior that violates our
Community Guidelines
.
Details:
Send Report
Go to the Sporcle.com Mobile Site →
Comments